000 01422cam a2200349 a 4500
999 _c128770
_d128770
001 15779044
003 ARRUPE
005 20190114103849.0
008 090617s2010 caua b 001 0 eng
010 _a 2009023948
015 _aGBA9A2525
_2bnb
016 7 _a015397852
_2Uk
020 _a9781605093048 (pbk.)
020 _a1605093041 (pbk.)
035 _a(OCoLC)ocn406970016
040 _aDLC
_cDLC
_dBTCTA
_dUKM
_dC#P
_dBWX
_dYDXCP
_dCDX
_dDLC
050 0 0 _aHM1256
_b.K34 2010
082 0 0 _a303.48/4
_222
100 1 _aKahane, Adam.
_943998
245 1 0 _aPower and love :
_ba theory and practice of social change /
_cAdam Kahane ; drawings by Jeff Barnum.
250 _a1st ed.
260 _aSan Francisco :
_bBerrett-Koehler Publishers,
_cc2010.
300 _axii, 172 p. :
_bill. ;
_c22 cm.
490 1 _aA BK currents book
500 _a"A Reos Partners publication"--Prelim. p.
504 _aIncludes bibliographical references and index.
650 0 _aPower (Social sciences)
_911462
650 0 _aSocial interaction.
_916723
650 0 _aSocial change.
_943999
830 0 _aBK currents book.
_944000
906 _a7
_bcbc
_corignew
_d1
_eecip
_f20
_gy-gencatlg
942 _2lcc
_cMONOGRAPH